00209nam a2200073Ia 4500008004100000082000800041100001200049245007400061240331s9999 xx 000 0 und d bGRA aGray, J 0aEnlightment's wake :bpolitics and culture at the close of modern age